000 00243 a2200097 4500
001 16658
100 _aCaidin Martin
245 _aVanguard' the story of the 1st man mode satellite
260 _aNew York
_bE.P Dutton
_c
090 _c12558
_d12558
942 _aNUST-CAE
_cM
_c2845
999 _c251731
_d251731